| 000 | 00396nam a2200145Ia 4500 | ||
|---|---|---|---|
| 008 | 220216s9999 xx 000 0 und d | ||
| 100 | _aWhitworth H F | ||
| 245 | 0 | _aAustralian sources of supply of mineral fillers for the rubber industry | |
| 260 |
_bIRI Transactions _c1946 |
||
| 300 | _a25-30 | ||
| 650 | _aAustralia | ||
| 650 | _aMineral fillers | ||
| 650 | _aRubber industry | ||
| 942 | _cJS | ||
| 999 |
_c54601 _d54601 |
||